| 000 | 00461nam a22001697a 4500 | ||
|---|---|---|---|
| 003 | BD-DhJNU | ||
| 005 | 20250316065452.0 | ||
| 008 | 250316b |||||||| |||| 00| 0 eng d | ||
| 040 |
_aBD-DhJNU _bENG _cBD-DhJNU _dBD-DhJNU |
||
| 082 |
_223 _a297 |
||
| 100 | _aAhmed, Nur | ||
| 245 |
_aGlorious role of islam / _cNur Ahmed |
||
| 260 |
_aChittagong : _bMoulvi Shahiduddin Muhammad, _c1957. |
||
| 300 |
_avi, 285 p. : _c20 cm. |
||
| 650 | _aIslam | ||
| 942 |
_2ddc _cBK _n0 |
||
| 999 |
_c1484 _d1484 |
||